Регионална библиотека "Любен Каравелов" - Русе

Окови (Запис номер 103668)

MARC детайли
000 -Лидер
Контролно поле с фиксирана дължина 01080nam a2200313 c 4500
003 - Код на организацията, давaща контролен номер
Контролно поле BLK
005 - Дата и час на последна редакция
Контролно поле 20180422105539.0
008 - Елементи от данни с фиксирана дължина
fixed length control field 180409b bul|||||r ||||||| ||bul||
010 ## - Наследен системен номер
LC control number KNG00108746000
020 ## - Международен стандартен номер на книга ISBN
Международен стандартен номер на книга ISBN 954-8919-25-7
-- издат.: Черноризец Храбър
040 ## - Източник на каталожния запис
Идентификатор на билиотеката - собственик на записа BLK
041 ## - Код за език
Код за езика на текст/звукозапис или на отделно заглавие Български
Код за езика КДБФ Български
080 ## - УДК
Текстов определител УДК Българска литература
УДК код - определител по УДК 821.163.2
УДК определител -32
УДК - код + определител 821.163.2-32
100 1# - Редна дума - Автор
Автор Панайотов, Атанас
Авторска отговорност първи автор
R(LIN) 366672
139 ## - Редно поле
Редна дума Панайотов, Атанас
Авторски знак Пан - П 17
245 10 - Сведения за заглавието
Заглавие Окови
Подзаглавни данни Кн. за всички българи : Новели
Редно поле (дума) Атанас Панайотов.
246 11 - Различни форми на заглавието
Паралелно заглавие Shackles
257 ## - Страна на издаване
Страна на създаване/издаване България
260 ## - Област на издателските данни
-- София
Име на издателя, разпространителя и проч. Черноризец Храбър
Година на издаване 2003
Печатница София : Nasco International
300 ## - Физическа характеристика
Страници 187 с.
Размери/Мащаб 23 см
380 ## - Жанр
Жанр Худож. лит.
500 ## - Общи забележки
Забележка Офс. изд. - 999 тир.
653 ## - Ключова дума – ненормативна
Ключова дума новели
852 ## - Местоположение
Форматна сигнатура Цб 216536
856 4# - Електронен адрес и достъп
Електронен формат pdf - файл
Път до файла /url/
856 4# - Електронен адрес и достъп
Електронен формат pdf - файл
Път до файла /url/
942 ## - АРТИКУЛИ
Вид на библиотечния материал Книги
Скрит в OPAC Не
944 ## - СЪЗДАВАНЕ И РЕДАКЦИЯ на ЗАПИСА
Създаване/Редакция Създаване
Дата на регистрацията/редакция 04.11.2003
Служител, извършил регистрацията/редакцията Людмила_Стоянова
944 ## - СЪЗДАВАНЕ И РЕДАКЦИЯ на ЗАПИСА
Създаване/Редакция Редакция
Дата на регистрацията/редакция 26.04.2004
Служител, извършил регистрацията/редакцията
999 ## - СИСТЕМНИ КОНТРОЛНИ НОМЕРА
Koha biblionumber 103668
Koha biblioitemnumber 103668
Наличности
Код за отписване Код за изгубен артикул Източник на класификационната схема Код за повреда Коз за рестрикции Код за отдаване Артикулен № Име на библиотеката - собственик Име на библиотеката, в която се намира в момента Статус (Текущо местоположение) Дата на вписване в системата Местоположение - отдел Цена в лева Инвентарен номер Систематично азбучна сигнатура Баркод Номер на екземпляра Цена в евро Служебна бележка Служебен тип на артикула
Изтеглен Не е изгубен Universal Decimal Classification Не е повреден без рестрикции заемане за дома 167269 Регионална библиотека "Любен Каравелов" Русе Регионална библиотека "Любен Каравелов" Русе Заемна - подръчен фонд 2003-11-04 Заемна - подръчен фонд 8.00 120000679627 П 886.7-32/П 17 120000679627 1 4.09 Дост: Pk Вид: Ф N: 8846 Дата: 01.11.2003 Книги
  Не е изгубен   Не е повреден без рестрикции ползва се в читалня 167270 Регионална библиотека "Любен Каравелов" Русе Регионална библиотека "Любен Каравелов" Русе Хранилище 2004-03-24 Хранилище 8.00 120000683933 Цб 216536 120000683933 2 4.09 Дост: Dp Вид: Д N: 20 Дата: 01.05.2003 Книги
Vip Innovations Ltd, Rousse, Bulgaria 2025